The noble scholar, jurist, historian


 His Excellency Dr. Abdul Wahhab bin Ibrahim Abu Sulaiman, may Allah have mercy on him.


 He was born in Umm Al-Qura in the year 1356 AH.

الفهرس العام للمخطوطات / (Record no. 12503)

MARC details
000 -LEADER
fixed length control field 01115caa a22002531ib4500
003 - CONTROL NUMBER IDENTIFIER
control field SA-RiAUC
005 - DATE AND TIME OF LATEST TRANSACTION
control field 20251013080229.0
008 - FIXED-LENGTH DATA ELEMENTS--GENERAL INFORMATION
fixed length control field 251010s1999 ti g bc f00000 ara c
040 ## - CATALOGING SOURCE
Original cataloging agency SA-JeALM
Language of cataloging ara
Transcribing agency SA-RiAUC
Description conventions rda
043 ## - GEOGRAPHIC AREA CODE
Geographic area code f-ti---
082 04 - DEWEY DECIMAL CLASSIFICATION NUMBER
Classification number 011.3109611
090 ## - LOCALLY ASSIGNED LC-TYPE CALL NUMBER (OCLC); LOCAL CALL NUMBER (RLIN)
Classification number (OCLC) (R) ; Classification number, CALL (RLIN) (NR) 011.3109611
Local cutter number (OCLC) ; Book number/undivided call number, CALL (RLIN) د ا ر
110 2# - MAIN ENTRY--CORPORATE NAME
Corporate name or jurisdiction name as entry element دار الكتب الوطنية (تونس)
Relator term مؤلف.
245 12 - TITLE STATEMENT
Title الفهرس العام للمخطوطات /
Statement of responsibility, etc. المكتبة الوطنية، وزارة الثقافة والشباب والترفيه.
300 ## - PHYSICAL DESCRIPTION
Extent مجلد ؛
Dimensions 24 سم
336 ## - CONTENT TYPE
Content type term نص
Content type code txt
Source rdacontent
Materials specified كتاب
337 ## - MEDIA TYPE
Media type term بدون وسيط
Media type code n
Source rdamedia
338 ## - CARRIER TYPE
Carrier type term مجلد
Carrier type code nc
Source rdacarrier
580 ## - LINKING ENTRY COMPLEXITY NOTE
Linking entry complexity note في : الفهرس العام للمخطوطات. -تونس : المكتبة الوطنية، 1999. -القسم الثاني من ج. 8.
610 27 - SUBJECT ADDED ENTRY--CORPORATE NAME
Corporate name or jurisdiction name as entry element دار الكتب الوطنية (تونس)
General subdivision مخطوطات
Form subdivision فهارس
Source of heading or term aucnm
650 #7 - SUBJECT ADDED ENTRY--TOPICAL TERM
Topical term or geographic name entry element المخطوطات العربية
Geographic subdivision تونس
Form subdivision ببليوجرافيات
Source of heading or term aucsh
942 ## - ADDED ENTRY ELEMENTS (KOHA)
Source of classification or shelving scheme Dewey Decimal Classification
Koha item type Books
Suppress in OPAC No
949 ## - LOCAL PROCESSING INFORMATION (OCLC)
a SA-JeALM
d 251010
u mohamedma123
n 1
Holdings
Withdrawn status Lost status Source of classification or shelving scheme Materials specified (bound volume or other part) Damaged status Not for loan Home library Current library Date acquired Total checkouts Full call number Barcode Date last seen Price effective from Koha item type
    Dewey Decimal Classification الجزء الثامن (القسم الثاني)     DR AbdElwahab Library DR AbdElwahab Library 10/13/2025   011.3109611 د ا ر 000020175 10/13/2025 10/13/2025 Books